Un servicio de evangelización: homenaje de la Universidad Bolivariana a su canciller S. E. el cardenal Alfonso López Trujillo con ocasión de sus bodas de plata sacerdotales 1960-Noviembre 13-1985

Saved in:
Bibliografiske detaljer
Hovedforfatter: López Trujillo, Alfonso (autor)
Format: Bog
Sprog:spansk
Udgivet: Medellín Universidad Pontificia Bolivariana 1986
Fag:
Tags: Tilføj Tag
Ingen Tags, Vær først til at tagge denne postø!

MARC

LEADER 00000nam a2200000 a 4500
001 UCR1772
003 CL-VaPUC
008 971219e19860000CK |||||||||||||||||spa|d
082 0 4 |a 253.7  |b LOP  |2 21 
100 |a López Trujillo, Alfonso  |e autor  |9 530167 
245 1 3 |a Un servicio de evangelización: homenaje de la Universidad Bolivariana a su canciller S. E. el cardenal Alfonso López Trujillo con ocasión de sus bodas de plata sacerdotales 1960-Noviembre 13-1985 
300 |a 254 p 
942 |c BK 
945 |d 19971219 00:00:00  |a jquezada 
260 |a Medellín  |b Universidad Pontificia Bolivariana  |c 1986 
650 7 |a EVANGELIZACION  |2 CL-VaPUC  |9 399240 
650 7 |a PASTORAL  |2 CL-VaPUC  |9 397996 
650 7 |a SINODO  |2 CL-VaPUC  |9 398047 
650 0 |a Ética  |9 255099 
650 7 |a HOMILIA  |2 CL-VaPUC  |9 399241 
650 0 |a Epístolas  |9 321181 
583 |a last modification  |c 19971219 00:00:00  |k Rodrigo Vera 
999 |c 265137  |d 265135 
952 |0 0  |1 0  |4 0  |6 253_700000000000000_LOP_1986  |7 0  |8 A  |9 295953  |a BIBTEO  |b BIBTEO  |d 2019-11-20  |i 338277K  |o 253.7 LOP 1986  |p 338277K  |r 2025-01-17  |w 2019-11-20  |y BK  |k ICR